The nature of cognition
Guardat en:
| Autor principal: | |
|---|---|
| Format: | Llibre |
| Idioma: | anglès |
| Publicat: |
Londres
The Mit Press
1999
|
| Col·lecció: | Collection A Bradford Book
|
| Matèries: | |
| Etiquetes: |
Afegir etiqueta
Sense etiquetes, Sigues el primer a etiquetar aquest registre!
|
MARC
| LEADER | 00000nam a2200000 a 4500 | ||
|---|---|---|---|
| 001 | UCP6541 | ||
| 003 | CL-VaPUC | ||
| 008 | 991029e19990000UK |||||||||||||||||eng|d | ||
| 082 | 0 | 4 | |a 153.4 |b STE |2 21 |
| 100 | 0 | |a Sternberg, Robert J |e author |9 435658 | |
| 245 | 1 | 4 | |a The nature of cognition |
| 300 | |a 736 p | ||
| 942 | |c BK | ||
| 945 | |d 19991029 00:00:00 |a vberengu | ||
| 260 | |a Londres |b The Mit Press |c 1999 | ||
| 650 | 0 | |a Aprendizaje |9 254827 | |
| 650 | 0 | |a Cognición |9 270347 | |
| 650 | 0 | |a Memoria |9 266549 | |
| 650 | 0 | |a Procesos mentales superiores |9 330839 | |
| 583 | |a last modification |c 19991029 00:00:00 |k Rodrigo Vera | ||
| 490 | 0 | |a Collection A Bradford Book | |
| 999 | |c 284051 |d 284049 | ||
| 952 | |0 0 |1 0 |4 0 |6 153_400000000000000_STE_1999 |7 0 |8 A |9 327741 |a FDOPOS |b FDOPOS |d 2019-11-20 |i 357105K |o 153.4 STE 1999 |p 357105K |r 2025-01-22 |w 2019-11-20 |y BK |k MLA | ||